Engines of high output ; thermo-dynamic considerations /

Bibliographic Details
Main Author: Ricardo, Harry R. (Harry Ralph), Sir, 1885-
Format: Book
Language:English
Published: London : Macdonald and Evans, 1929.
Series:Reconstructive technical series.
Subjects:

MARC

Tag First Indicator Second Indicator Subfields
LEADER 00000cam a2200000I 4500
001 in00000051757
005 20151007074006.0
008 720802s1929 enk 000 0 eng c
010 |a  26016646  
035 |a (OCoLC)ocm00372270 
035 |a (OCoLC)00372270 
035 |9 AAF0751AM 
040 |a KSU  |c KSU  |d OCL  |d UtOrBLW 
049 |a TXAM  |c [378883] 
090 |a TJ785  |b .R45 1929 
100 1 |a Ricardo, Harry R.  |q (Harry Ralph),  |c Sir,  |d 1885- 
245 1 0 |a Engines of high output ;  |b thermo-dynamic considerations /  |c by Harry R. Ricardo. 
264 1 |a London :  |b Macdonald and Evans,  |c 1929. 
300 |a viii, 110 pages :  |b illustrations ;  |c 23 cm. 
336 |a text  |b txt  |2 rdacontent 
337 |a unmediated  |b n  |2 rdamedia 
338 |a volume  |b nc  |2 rdacarrier 
490 1 |a Reconstructive technical series 
650 0 |a Internal combustion engines. 
830 0 |a Reconstructive technical series. 
994 |a E0  |b TXA 
999 |a MARS 
999 f f |s 1aa6e740-a97c-3c4e-86c4-79bcd9bc5cb3  |i 4a877400-e530-31a7-8ddb-7b79ac2b58bb  |t 0 
952 f f |p ric  |a Texas A&M University  |b Rellis Campus  |c Joint Library Facility  |d Remote Storage  |t 0  |e TJ785 .R45 1929  |h Library of Congress classification  |i unmediated -- volume  |m A14801040351 
998 f f |a TJ785 .R45 1929  |t 0  |l Remote Storage